Tech CEOs Quiz Stats

 Plays Quiz not verified by Sporcle

Score 0/11 Timer 02:00
0 Plays Today
CEO Company % Correct
Steve JobsApple
100%
Steve BallmerMicrosoft
77.1%
Eric SchmidtGoogle
64.3%
Larry EllisonOracle
45.7%
Shantanu NarayenAdobe
37.1%
Carol BartzYahoo!
34.3%
Paul OtelliniIntel
30%
Vittorio ColaoVodafone
10%
Lars BoilesenOpera
8.6%
Cesar AliertaTelefonica
5.7%
Derrick MeyerAdvanced Micro Devices
4.3%

You're not logged in!

Compare scores with friends on all Sporcle quizzes.
OR
Log In

Show Comments

Extras

Created Oct 26, 2010ReportNominate
Tags:Company Quiz, ceo, ending, tech

Top Quizzes Today


Score Distribution

Your Account Isn't Verified!

In order to create a playlist on Sporcle, you need to verify the email address you used during registration. Go to your Sporcle Settings to finish the process.

Report this User

Report this user for behavior that violates our Community Guidelines.

Details: